[Event "Slask-ch Bak Memorial"]
[Site "Chorzow"]
[Date "2016.09.19"]
[Round "5"]
[White "Rak, Dariusz"]
[Black "Pawlowski, Maciej"]
[Result "0-1"]
[WhiteElo "1773"]
[BlackElo "2006"]
[PlyCount "58"]
[EventDate "2016.09.17"]
[EventType "swiss"]
[EventRounds "9"]
[EventCountry "POL"]
[SourceTitle "EXT 2018"]
[Source "ChessBase"]
[SourceDate "2017.10.13"]
[SourceVersion "1"]
[SourceVersionDate "2017.10.13"]
[SourceQuality "1"]

1. e4 d6 2. d4 Nf6 3. Nc3 Nbd7 4. f4 e5 5. fxe5 dxe5 6. d5 Bb4 7. Bg5 h6 8. Bxf6 Qxf6 9. Bd3 0-0 10. Qf3 Qb6 11. Nge2 Nf6 12. h3 c6 13. a3 Bxc3+ 14. bxc3 cxd5 15. exd5 Qc5 16. c4 Re8 17. Be4 Qxc4 18. Ng3 h5 19. 0-0-0 h4 20. Bd3 Qc5 21. Ne4 Qxa3+ 22. Kb1 Qb4+ 23. Kc1 Nxe4 24. Bxe4 f5 25. Qh5 Rf8 26. Bd3 Bd7 27. Rhf1 e4 28. Be2 Rac8 29. Rde1 Rxc2+ 0-1

[Event "Slask-ch Bak Memorial"]
[Site "Chorzow"]
[Date "2016.09.18"]
[Round "3"]
[White "Rak, Dariusz"]
[Black "Wojkowski, Mariusz"]
[Result "1-0"]
[WhiteElo "1773"]
[BlackElo "1730"]
[PlyCount "89"]
[EventDate "2016.09.17"]
[EventType "swiss"]
[EventRounds "9"]
[EventCountry "POL"]
[SourceTitle "EXT 2018"]
[Source "ChessBase"]
[SourceDate "2017.10.13"]
[SourceVersion "1"]
[SourceVersionDate "2017.10.13"]
[SourceQuality "1"]

1. e4 c5 2. Nf3 d6 3. d4 cxd4 4. Nxd4 Nf6 5. Nc3 a6 6. Bc4 g6 7. 0-0 Bg7 8. Bb3 0-0 9. f4 Qb6 10. e5 dxe5 11. fxe5 Nc6 12. exf6 Bxf6 13. Rxf6 exf6 14. Be3 Rd8 15. Nce2 Bg4 16. c3 Re8 17. Bf2 Rad8 18. Qc2 Qa5 19. Nxc6 bxc6 20. Nd4 Qg5 21. Qc1 Qxc1+ 22. Rxc1 c5 23. Nf3 Bxf3 24. gxf3 Rd2 25. Rc2 Rxc2 26. Bxc2 c4 27. Kf1 f5 28. b3 cxb3 29. Bxb3 Rc8 30. c4 Kf8 31. c5 Ke7 32. Bc4 Rb8 33. Bxa6 Rb1+ 34. Kg2 Rb2 35. a4 Kd7 36. Bb5+ Kc7 37. c6 f4 38. Kf1 Rb1+ 39. Be1 g5 40. Ke2 Rb2+ 41. Kd3 Kd6 42. Bc3 Rxh2 43. Be5+ Kxe5 44. c7 Rf2 45. c8Q 1-0

[Event "Slask-ch Bak Memorial"]
[Site "Chorzow"]
[Date "2016.09.17"]
[Round "1"]
[White "Rak, Dariusz"]
[Black "Jablonski, Hubert"]
[Result "1/2-1/2"]
[WhiteElo "1773"]
[BlackElo "1500"]
[PlyCount "34"]
[EventDate "2016.09.17"]
[EventType "swiss"]
[EventRounds "9"]
[EventCountry "POL"]
[SourceTitle "EXT 2018"]
[Source "ChessBase"]
[SourceDate "2017.10.13"]
[SourceVersion "1"]
[SourceVersionDate "2017.10.13"]
[SourceQuality "1"]

1. d4 f5 2. c4 Nf6 3. Nc3 e6 4. Nf3 d5 5. e3 c6 6. cxd5 exd5 7. Be2 Bd6 8. 0-0 0-0 9. Na4 Nbd7 10. Qc2 Ne4 11. a3 Rf6 12. b4 Rh6 13. Nc5 Bxh2+ 14. Kh1 Bg3+ 15. Kg1 Bh2+ 16. Kh1 Bg3+ 17. Kg1 Bh2+ 1/2-1/2

[Event "Chorzow op 45th"]
[Site "Chorzow"]
[Date "2009.04.01"]
[Round "5"]
[White "Rak, Dariusz"]
[Black "Mandla, Maciej"]
[Result "1-0"]
[WhiteElo "1884"]
[BlackElo "1690"]
[PlyCount "109"]
[EventDate "2009.03.28"]
[EventType "swiss"]
[EventRounds "9"]
[EventCountry "POL"]
[SourceTitle "CBM 129 Extra"]
[Source "ChessBase"]
[SourceDate "2009.05.05"]
[SourceVersion "2"]
[SourceVersionDate "2009.05.20"]
[SourceQuality "1"]

1. d4 Nf6 2. c4 g6 3. Nc3 Bg7 4. e4 d6 5. Nf3 0-0 6. Be2 Nc6 7. 0-0 e5 8. d5 Ne7 9. Ne1 Nd7 10. f3 f5 11. g4 f4 12. b4 g5 13. Nd3 b6 14. Bd2 Ng6 15. a4 Nf6 16. c5 h5 17. h3 Nh4 18. a5 hxg4 19. hxg4 b5 20. Nxb5 Nxd5 21. exd5 e4 22. Rc1 exd3 23. Bxd3 a6 24. Nc3 Bd4+ 25. Kh1 Qf6 26. Qe2 Qh6 27. Qh2 Kg7 28. Ne2 dxc5 29. Nxd4 cxd4 30. Rxc7+ Rf7 31. Rfc1 Bd7 32. Be1 Nxf3 33. Qxh6+ Kxh6 34. Bf5 Ne5 35. Bxd7 Rxd7 36. Rxd7 Nxd7 37. Rc6+ Kg7 38. Rc7 Rd8 39. Ra7 Kf6 40. Kg2 Ke5 41. Rxa6 Kxd5 42. Rg6 f3+ 43. Kf2 Ne5 44. Rxg5 Ke4 45. a6 Nd3+ 46. Kf1 Nxe1 47. Kxe1 f2+ 48. Kxf2 d3 49. Ke1 Re8 50. Kd2 Kd4 51. a7 Re2+ 52. Kd1 Ke3 53. a8Q Rd2+ 54. Kc1 Rc2+ 55. Kb1 1-0

[Event "Chorzow op 45th"]
[Site "Chorzow"]
[Date "2009.03.29"]
[Round "2"]
[White "Jablonski, Lechoslaw"]
[Black "Rak, Dariusz"]
[Result "0-1"]
[WhiteElo "1654"]
[BlackElo "1884"]
[PlyCount "90"]
[EventDate "2009.03.28"]
[EventType "swiss"]
[EventRounds "9"]
[EventCountry "POL"]
[SourceTitle "CBM 129 Extra"]
[Source "ChessBase"]
[SourceDate "2009.05.05"]
[SourceVersion "2"]
[SourceVersionDate "2009.05.20"]
[SourceQuality "1"]

1. e4 e5 2. d4 exd4 3. c3 dxc3 4. Bc4 cxb2 5. Bxb2 d5 6. Bxd5 Nf6 7. Bxf7+ Kxf7 8. Qxd8 Bb4+ 9. Qd2 Bxd2+ 10. Nxd2 Re8 11. f3 Nc6 12. Ne2 Nb4 13. 0-0 Be6 14. Nd4 Rad8 15. N2b3 Nd3 16. Ba3 Bxb3 17. Nxb3 b6 18. Rad1 c5 19. Nc1 Nf4 20. g3 Ne6 21. Nd3 Nd4 22. Bb2 Nd7 23. Bxd4 cxd4 24. Nb4 Ne5 25. f4 Nc4 26. Rc1 Ne3 27. Rf2 Rxe4 28. Rd2 Ke6 29. Nd3 Kf6 30. Ne5 Nd5 31. Rc6+ Kf5 32. Rf2 Re1+ 33. Kg2 Ke4 34. Re6 Ne3+ 35. Kh3 Kd5 36. Re7 Rd6 37. Nf7 Rc6 38. Re5+ Kc4 39. Rg5 Kc3 40. Rf3 d3 41. Rb5 d2 42. Rb3+ Kc2 43. Rbxe3 Rxe3 44. Rxe3 d1Q 45. Ne5 Qh5+ 0-1

[Event "Siemianowice op"]
[Site "Siemianowice"]
[Date "2008.12.14"]
[Round "8.3"]
[White "Rak, Dariusz"]
[Black "Krzempek, Krystian"]
[Result "1/2-1/2"]
[WhiteElo "1803"]
[BlackElo "1754"]
[PlyCount "133"]
[EventDate "2008.12.08"]
[EventType "swiss"]
[EventRounds "9"]
[EventCountry "POL"]
[SourceTitle "EXT 2023"]
[Source "ChessBase"]
[SourceDate "2022.10.05"]
[SourceVersion "1"]
[SourceVersionDate "2022.10.05"]
[SourceQuality "1"]

1. d4 c6 2. c4 d5 3. Nf3 Nf6 4. Nc3 Bg4 5. Ne5 Bc8 6. e3 e6 7. Bd3 Nbd7 8. 0-0 Bd6 9. f4 0-0 10. c5 Bb8 11. Rf3 Re8 12. Rh3 Nf8 13. g4 N6d7 14. Qf3 Nxe5 15. fxe5 b6 16. Na4 bxc5 17. Nxc5 Qa5 18. Nb3 Qc7 19. Bd2 a5 20. Rf1 Re7 21. Nc5 Ba7 22. b4 Bxc5 23. bxc5 Ba6 24. Bxa6 Rxa6 25. Rb1 Qa7 26. Qd1 Rb7 27. Rf3 a4 28. a3 Qb8 29. Bb4 Raa7 30. h4 Qd8 31. Qe1 Nd7 32. Kg2 Nb8 33. g5 Na6 34. Rf2 Nc7 35. Qe2 Nb5 36. Rbf1 Re7 37. Qg4 Reb7 38. h5 Qe8 39. g6 h6 40. Rf4 Rd7 41. Qf3 Rab7 42. Rg4 Ra7 43. Qf4 Kf8 44. Qf2 Kg8 45. Qc2 Rdb7 46. gxf7+ Rxf7 47. Qg6 Qe7 48. Rxf7 Qxf7 49. Qxh6 Qf5 50. Qg6 Qxg6 51. Rxg6 Kf7 52. Kf3 Nc7 53. Rg2 Rb7 54. Rb2 Nb5 55. Ke2 Kg8 56. Kd3 Rf7 57. Rg2 Rf5 58. h6 Rf7 59. Rg6 Re7 60. hxg7 Nc7 61. Ba5 Nb5 62. Bd8 Re8 63. Bf6 Nxa3 64. Rh6 Kf7 65. Rh8 Rg8 66. Kc3 Nb5+ 67. Kb2 1/2-1/2

[Event "Siemianowice op"]
[Site "Siemianowice"]
[Date "2008.12.11"]
[Round "4.4"]
[White "Rak, Dariusz"]
[Black "Klementys, Jerzy"]
[Result "1-0"]
[WhiteElo "1803"]
[BlackElo "1877"]
[PlyCount "49"]
[EventDate "2008.12.08"]
[EventType "swiss"]
[EventRounds "9"]
[EventCountry "POL"]
[SourceTitle "EXT 2023"]
[Source "ChessBase"]
[SourceDate "2022.10.05"]
[SourceVersion "1"]
[SourceVersionDate "2022.10.05"]
[SourceQuality "1"]

1. d4 Nf6 2. c4 e6 3. Nc3 Bb4 4. Bf4 0-0 5. e3 d5 6. Qc2 c6 7. Nf3 Nbd7 8. Bd3 h6 9. 0-0 Nh5 10. Be5 Nxe5 11. Nxe5 Bd6 12. f4 f5 13. cxd5 exd5 14. g4 fxg4 15. Bh7+ Kh8 16. Bg6 Nf6 17. Nf7+ Rxf7 18. Bxf7 Qe7 19. Bg6 Qxe3+ 20. Qf2 Bxf4 21. Rae1 Qxf2+ 22. Rxf2 Bd6 23. Na4 g3 24. hxg3 Bxg3 25. Re8+ 1-0